00583 2200193 4500001002100000005001500021035002000036245013500056100001500191250001000206300002600216006001800242008003900260260004600299082000700345084001300352600001000365990001400375INLIS00000000001004320260603020030 a0010-06260000041 aANALISIS KINERJA PEGAWAI DALAM PENINGKATAN KUALITAS PELAYANAN PUBLIK DI KANTOR KECAMATAN MENDAWAI KABUPATEN KATINGAN /cRISDAYANTI0 aRISDAYANTI aCet 1 aviii, 79 hlm :bilus.a 260603 | | |  aPalangka Raya :bPerpustakaan UMPR,c2025 a81 a81 RIS a 4aTESIS a238122108